000 00328 a2200169 4500
001 171887
020 _a85-08-00730-2
040 _cMagnum
100 _aFrança, Mary
240 1 0 _aO trem
_lpor
245 1 0 _aO trem
300 _a16
362 0 _a1991
440 1 _aÁtica
697 _aLITERATURA INFANTIL
942 _cBK
999 _c171887
_d171887